Inspector operations manual
Zapisane w:
| Format: | Książka |
|---|---|
| Język: | Undetermined |
| Wydane: |
U.S.A Deparment of Health, education and Welfare
1974
|
| Hasła przedmiotowe: | |
| Etykiety: |
Dodaj etykietę
Nie ma etykietki, Dołącz pierwszą etykiete!
|
| Thư viện lưu trữ: | Trung tâm Học liệu Trường Đại học Cần Thơ |
|---|
| LEADER | 00434nam a2200157Ia 4500 | ||
|---|---|---|---|
| 001 | CTU_23492 | ||
| 008 | 210402s9999 xx 000 0 und d | ||
| 082 | |a 017 | ||
| 082 | |b I.59 | ||
| 245 | 0 | |a Inspector operations manual | |
| 260 | |b U.S.A Deparment of Health, education and Welfare | ||
| 260 | |c 1974 | ||
| 650 | |a Drug,Food | ||
| 650 | |x Catalog,Catalog | ||
| 904 | |i Truc | ||
| 980 | |a Trung tâm Học liệu Trường Đại học Cần Thơ | ||